00881 a2200397 4500000002100000001000700021005001700028008004100045010000500086020001800091082001600109100005900125110000500184245010200189250000500291260002900296300001000325490000700335500000500342600000500347610000500352611000500357630000900362650000500371651000500376654000500381700003000386700002400416710000900440711000500449720000500454730000500459740000500464752000500469856000900474BKB 13626520200902153012.0  a a9781861349125 a320.6bH66P1 aPolicy reconsidered : meanings, politics and practices a1 aPolicy reconsidered : meanings, politics and practicescedited by Susan M. Hodgron and Zeo Irving a aU.K.bPolicy preesc2007 a250p. av a a a a aPPLG a a a aHodgron, Susan M. ed.bc aIrving, Zeo ed.bc abc a a a a a adf